Statistics for G2 Esports - CS-GO Lineup

Click here to take the quiz!

General Stats

  • This quiz has been taken 156 times
  • The average score is 4 of 5

Answer Stats

HintPlayer% Correct
AWP CriminalkennyS
95%
Joined the same time as ^huNter
78%
Plays basketball in his free timenexa
70%
Mac-10 ExpertAmaNek
68%
He speaks headshotJaCkz
68%

Score Distribution

Percentile by Number Answered

Percent of People with Each Score

Your Score History

You have not taken this quiz